Navarra / (Record no. 37880)

MARC details
000 -LEADER
campo de control de longitud fija 00637nam a2200193 i 4500
001 - NÚMERO DE CONTROL
campo de control 37880
003 - IDENTIFICADOR DE NÚMERO DE CONTROL
campo de control ES-MaACL
005 - FECHA Y HORA DE LA ÚLTIMA TRANSACCIÓN
campo de control 20251120063128.0
007 - CAMPO FIJO DE DESCRIPCIÓN FÍSICA--INFORMACIÓN GENERAL
campo de control de longitud fija t|
008 - DATOS DE LONGITUD FIJA--INFORMACIÓN GENERAL
campo de control de longitud fija 030224s1972 sp ||||1| spa d
100 1# - ENTRADA PRINCIPAL--NOMBRE DE PERSONA
Nombre de persona Burgo, Jaime del,
Fechas asociadas al nombre 1912-2005
9 (RLIN) 32641
245 10 - MENCIÓN DEL TÍTULO
Título Navarra /
Mención de responsabilidad, etc. por Jaime del Burgo ; ilustraciones de Federico Lloveras.
260 ## - PUBLICACIÓN, DISTRIBUCIÓN, ETC.
Lugar de publicación, distribución, etc. Barcelona :
Nombre del editor, distribuidor, etc. Alfaguara,
Fecha de publicación, distribución, etc. [1972]
300 ## - DESCRIPCIÓN FÍSICA
Extensión 148 p. :
Otras características físicas il. ;
Dimensiones 29 cm.
651 #4 - PUNTO DE ACCESO ADICIONAL DE MATERIA--NOMBRE GEOGRÁFICO
Nombre geográfico Navarra (Comunidad Autónoma)-
Subdivisión de forma Guías turísticas.
9 (RLIN) 146961
700 1# - ENTRADA AGREGADA--NOMBRE PERSONAL
Nombre de persona Lloveras, Frederic (
Fechas asociadas al nombre 1912-1983)
9 (RLIN) 72936
852 ## - LOCALIZACIÓN
Ubicación ES-MaACL
Número de control de estantería C-51852
Sublocalización o colección R.85526
Holdings
Estatus retirado Estado de pérdida Estado de daño No para préstamo Biblioteca de origen Biblioteca actual Ubicación en estantería Fecha de adquisición Fuente de adquisición Total de préstamos Signatura topográfica completa Código de barras Visto por última vez Precio de reemplazo Tipo de ítem Koha
        Biblioteca del Ateneo de Madrid Biblioteca del Ateneo de Madrid Depósito 2 17/01/2008     C-51852 1039884 23/02/2023 23/02/2023 Libro impreso